1420 1934 1268 1184 1450 1750 1088 1806 1164 1337 1612 1490 1061 1279 1683 1689 1853 1791 1073 1283 1326 1741 1509 1658 1571 1157 1893 1264 1479 1279 1300 1264 1590 1275 1029 1186 1592 1769 1475 1775 1421 1229 1580 1268 1038 1220 1516 1492 1540 1768 1325 1925 1883 1019 1120 1403 1726 1857 1127 1365 1672 1504 1070 1292 1764 1179 1015 1007 1798 1255 1821 1460 1291 1853 1441 1584 1803 1300 1084 1483 1654 1938 1767 1568 1972 1483 1482 1338 1260 1191 1408 1815 1864 1083 1709 1797 1229 1032 1680 BCNSPRNW ULIB Ver.6.0+V

เปลี่ยนเป็นภาษาไทย

Change to English
 แสดงรายละเอียดบรรณานุกรม
  กลับหน้าหลัก

Brief Record : Get Marc (ISO 2709) : E-mail record : QR code < ปิดหน้าต่าง
LEADER : 00000nam 2200000uu 4500
001    13399125574
003     ULIB
008    170701s2559||||th 000 0 tha d
020    ^a9786164130616
060 04 ^aWU140^bก357ต
100 0  ^aกอบกาญจน์ ทองประสม
245 00 ^aตำราภาพ ความผิดปกติของฟัน และโรคในช่องปาก /^cบรรณาธิการ, กอบกาญจน์ ทองประสม
246 30 ^aความผิดปกติของฟัน
246 30 ^aโรคในช่องปาก
250    ^aพิมพ์ครั้งที่ 1
260    ^aกรุงเทพฯ :^bศูนย์หนังสือจุฬาลงกรณ์มหาวิทยาลัย,^c2559
300    ^a139 หน้า :^bภาพประกอบ ;^c31 ซม.
505 0  ^a... ความผิดปกติของฟัน (Abnormalities of teeth) ... ความผิดปกติของเยื่อเมือกช่องปาก (Anomalies of oral mucosa) ... ถุงนํ้าและพยาธิสภาพของกระดูก (Cysts and bone pathology) ... โรคเหงือกและปริทันต์ (Periodontal diseases) ... การติดเชื้อในช่องปาก (Infections of the oral mucosa) ... แผลในช่องปาก (Oral ulceration) ... โรคผิวหนังและเนื้อเยื่อเกี่ยวพัน (Skin and connective tissue diseases) ... โรคในช่องปากที่มีแนวโน้มเกิดมะเร็ง (Potentially malignant disorders) ... เนื้องอกชนิดไม่ร้ายแรงและรอยโรคชนิดร้ายแรง (Benign tumors and malignant lesions) ... ความผิดปกติอื่นๆ (Miscellaneous)
650  7 ^aฟัน^xโรค
650  7 ^aฟัน^xความผิดปกติ
650  7 ^aปาก^xโรค
650  7 ^aเวชศาสตร์ช่องปาก
700 0  ^aพรพรรณ พิบูลย์รัตนกิจ.^tเนื้องอกชนิดไม่ร้ายแรงและรอยโรคชนืดร้ายแรง
700 02 ^aธิติพงษ์ พฤกษศรีสกุล.^tความผิดปกติของฟัน
700 02 ^aภาสวัชร์ วิริยกิจจา.^tความผิดปกติของเยื่อเมือกช่องปาก
700 02 ^aชาญวิทย์ ประพิณจำรูญ.^tถุงน้ำและพยาธิสภาพของกระดูก
700 02 ^aภัทรนฤน กาญจนบุษย์.^tโรคเหงือกและปริทันต์
700 02 ^aกอบกาญจน์ ทองประสม.^tการติดเชื้อในช่องปาก
700 02 ^aชาญวิทย์ ประพิณจำรูญ.^tแผลในช่องปาก
700 02 ^aกอบกาญจน์ ทองประสม.^tโรคผิวหนังและเนื้อเยื่อเกี่ยวพัน
700 02 ^aกอบกาญจน์ ทองประสม.^tโรคในช่องปากที่มีแนวโน้มเกิดมะเร็ง
710 2  ^aจุฬาลงกรณ์มหาวิทยาลัย.^bคณะทันตแพทยศาสตร์
710 2  ^aจุฬาลงกรณ์มหาวิทยาลัย.^bภาควิชาเวชศาสตร์ช่องปาก
945    ^p650^l0^i25231
999    ^aทศพร เกษรทอง
รายการนี้ยังไม่มีแท็ก
คุณยังไม่ได้ล็อกอิน คุณสามารถมีกิจกรรมร่วมกับเว็บไซต์ได้ แต่ต้องล็อกอินก่อน ::
  ล็อกอิน

รายการสื่อสารสนเทศ

ลำดับที่ ประเภท เลขเรียก/บาร์โค้ด สถานที่ สถานะ
1. วิทยาศาสตร์การแพทย์ และสุขภาพ
หนังสือสำรอง
สถานะ=หนังสือสำรอง
WU140 ก357ต ฉ.1 
  Barcode: 25231
ห้องสมุดวิทยาเขตนครสวรรค์
►หนังสือทั่วไป:l:General Books
บนชั้น

รายการใกล้เคียง
    ผู้แต่ง [กอบกาญจน์ ทองประสม]

    หัวเรื่อง [เวชศาสตร์ช่องปาก]

BibComment


ยังไม่เคยถูกคอมเมนท์

คอมเมนท์ทรัพยากรรายการนี้
  คอมเมนท์: ตำราภาพ ความผิดป..


 Copyright 2026. Bcnsprnw @Library